Á lódáil...

Introducing Python : modern computing in simple packages /

Sonraí Bibleagrafaíochta
Príomhúdar: Lubanovic, Bill
Formáid: Printed Book
Teanga:English
Eagrán:First edition.
Ábhair:
LEADER 01648cam a22003257i 4500
008 151027t20142015caua b 001 0 eng d
010 |a  2015473143 
015 |a GBB499824  |2 bnb 
016 7 |a 016868292  |2 Uk 
020 |a 9781449359362 
020 |a 1449359361 
035 |a (OCoLC)ocn890938061 
042 |a lccopycat 
082 0 4 |a 005.133  |2 23 
100 1 |a Lubanovic, Bill, 
245 1 0 |a Introducing Python :  |b modern computing in simple packages /  |c Bill Lubanovic. 
250 |a First edition. 
300 |a xx, 454 pages :  |b illustrations ;  |c 24 cm 
500 |a Subtitle from cover. 
504 |a Includes bibliographical references and index. 
505 0 |a A taste of Py -- Py ingredients : numbers, strings, and variables -- Py filling : lists, tuples, dictionaries, and sets -- Py crust : code structures -- Py boxes : modules, packages, and programs -- Oh oh : objects and classes -- Mangle data like a pro -- Data has to go somewhere -- The web, untangled -- Systems -- Concurrency and networks -- Be a Pythonista -- Py art -- Py at work -- Py sci -- Install Python 3 -- Answers to exercises -- Cheat sheets. 
650 0 |a Python (Computer program language) 
650 0 |a Application software  |x Development. 
650 7 |a Application software  |x Development.  |2 fast 
650 7 |a Python (Computer program language)  |2 fast 
906 |a 7  |b cbc  |c copycat  |d 2  |e ncip  |f 20  |g y-gencatlg 
942 |c BK 
955 |b rk06 2015-10-27 z-processor  |i rk06 2015-10-27 to BCCD 
999 |c 352707  |d 352707 
952 |0 0  |1 0  |2 ddc  |4 0  |6 005_133000000000000_LUB_I  |7 0  |9 407958  |a DCS  |b DCS  |c ST1  |d 2020-09-23  |i 1522  |l 0  |o 005.133 LUB/I  |p DCS1522  |r 2020-09-23  |w 2020-09-23  |y BK